Továbbra is adakozhatnak áprilisban leteszik a Márai-szobor alapkövét

Bibliographic Details
Main Author: Juhász, Katalin, 1969- (Author)
Format: Article
Language:Hungarian
Slovak
Subjects:

MARC

LEADER 00000nab a2200000 a 4500
001 vtls000932425
003 SK-MaSNL
005 20260319073820.0
008 040720e20040309xo 0 hun
035 |a KE41302 
040 |a KEVKJB  |b slo  |c KEVKJB  |e AACR2 
041 0 |a slo 
044 |a xo  |c SK 
080 |a 725.94  |2 1981 
080 |a 929 Márai, Sándor  |2 1981 
100 1 |a Juhász, Katalin,  |d 1969-  |4 aut  |9 102317 
245 1 0 |a Továbbra is adakozhatnak  |b áprilisban leteszik a Márai-szobor alapkövét 
590 |a Márai, Sándor, 1900-1989 
600 1 7 |a Márai, Sándor,  |d 1900-1989   |2 KEVKJB  |9 87418 
650 0 7 |a sochy  |2 KEVKJB  |9 29846 
650 0 7 |a zbierky finančné  |2 KEVKJB  |9 877955 
651 7 |a Košice (Slovensko)  |2 KEVKJB  |9 18694 
651 7 |a KE,  |2 KEVKJB  |9 877256 
655 7 |a periodikum  |2 snkbucl  |9 29553 
773 0 8 |t Új Szó  |g Roč. 57  |g Roč. 28, č.57, 9.3.2004, s. 4 
852 |a ZVYKNI  |b KIS3GCP 
999 |c 1673321  |d 1675251